000 00631nam a2200265Ia 4500
005 20260306164445.0
008 008 260114s9999 xx 000 0 eng d
020 _a9780190245788
037 _aEBOOK
040 _aCRL
040 _beng
040 _cCRL
041 _2eng
041 _aeng
084 _qCRL
100 _aBradley
245 4 _aThe Oxford Handbook Of The U.S. Constitution
260 _bOxford University Press
260 _c2015
650 _aLaw & Criminology
856 _uhttps://academic.oup.com/edited-volume/43727
942 _cEBOOK
999 _c1714147
_d1714147